Excel in business : (Record no. 548264)

000 -LEADER
fixed length control field 00891cam a2200229 a 4500
020 ## - INTERNATIONAL STANDARD BOOK NUMBER
International Standard Book Number 0914845616 (pbk.) :
082 00 - DEWEY DECIMAL CLASSIFICATION NUMBER
Classification number 650.02855369
Author Mark COB
100 1# - MAIN ENTRY--PERSONAL NAME
Personal name Cobb, Douglas Ford.
9 (RLIN) 44488
245 10 - TITLE STATEMENT
Title Excel in business :
Remainder of title number-crunching power on the Apple Macintosh /
Statement of responsibility, etc. Douglas Cobb, Judy Mynhier, Steven Cobb.
260 ## - PUBLICATION, DISTRIBUTION, ETC.
Place of publication, distribution, etc. Bellevue, WA :
Name of publisher, distributor, etc. Microsoft Press ;
Place of publication, distribution, etc. [New York] :
Name of publisher, distributor, etc. Distributed to the book trade in the U.S. by Harper and Row,
Date of publication, distribution, etc. c1985.
300 ## - PHYSICAL DESCRIPTION
Extent xiii, 695 p. :
Other physical details ill. ;
Dimensions 24 cm.
500 ## - GENERAL NOTE
General note Includes index.
526 ## - STUDY PROGRAM INFORMATION NOTE
Program name 0
Interest level 0
Reading level 0
Title point value 650_028553690000000_COB
526 ## - STUDY PROGRAM INFORMATION NOTE
Program name 0
Interest level 0
Reading level 0
Title point value 650_028553690000000_COB
526 ## - STUDY PROGRAM INFORMATION NOTE
Program name 0
Interest level 0
Reading level 0
Title point value 650_028553690000000_COB
650 #0 - SUBJECT ADDED ENTRY--TOPICAL TERM
Topical term or geographic name entry element Business
General subdivision Computer programs.
9 (RLIN) 19731
650 #0 - SUBJECT ADDED ENTRY--TOPICAL TERM
Topical term or geographic name entry element Macintosh (Computer)
General subdivision Programming.
9 (RLIN) 44489
650 #0 - SUBJECT ADDED ENTRY--TOPICAL TERM
Topical term or geographic name entry element MCE
9 (RLIN) 379
700 1# - ADDED ENTRY--PERSONAL NAME
Personal name Cobb, Steven.
9 (RLIN) 44490
700 1# - ADDED ENTRY--PERSONAL NAME
Personal name Mynhier, Judy.
9 (RLIN) 44491
942 ## - ADDED ENTRY ELEMENTS (KOHA)
Source of classification or shelving scheme
Koha item type Book
Holdings
Withdrawn status Lost status Source of classification or shelving scheme Damaged status Not for loan Permanent Location Current Location Date acquired Total Checkouts Full call number Barcode Date last seen Price effective from Koha item type
          Military College of Engineering (MCE) Military College of Engineering (MCE) 08/25/2014   650.02855369 COB MCE-29319 08/25/2014 08/25/2014 Book
          Military College of Engineering (MCE) Military College of Engineering (MCE) 08/25/2014   650.02855369 COB MCE-29006 08/25/2014 08/25/2014 Book
          Military College of Engineering (MCE) Military College of Engineering (MCE) 08/25/2014   650.02855369 COB MCE-30181 08/25/2014 08/25/2014 Book
© 2023 Central Library, National University of Sciences and Technology. All Rights Reserved.